Central Library OPAC University of Rajshahi

সংস্কৃত সাহিত্যের ইতিহাস / (Record no. 83229)

MARC details
000 -LEADER
fixed length control field 00896nam a2200229 a 4500
001 - CONTROL NUMBER
control field 83229
003 - CONTROL NUMBER IDENTIFIER
rucl marc code BD-RjUL
005 - DATE AND TIME OF LATEST TRANSACTION
control field 20240305121708.0
008 - FIXED-LENGTH DATA ELEMENTS--GENERAL INFORMATION
fixed length control field 240304s2013 ii ||||| |||| 00| 0 ben d
020 ## - INTERNATIONAL STANDARD BOOK NUMBER
International Standard Book Number 9788184372113
035 ## - SYSTEM CONTROL NUMBER
System control number (BD-RjUL)83229
040 ## - CATALOGING SOURCE
Original cataloging agency BD-RjUL
Language of cataloging eng
Transcribing agency BD-RjUL
041 ## - LANGUAGE CODE
Language code of text/sound track or separate title ben
082 ## - DEWEY DECIMAL CLASSIFICATION NUMBER
Edition number 23
Classification number 891.209
Author mark and year MIS 2013
100 ## - MAIN ENTRY--PERSONAL NAME
Personal name মিশ্র, সুপর্ণা বসু
9 (RLIN) 12090
245 ## - TITLE STATEMENT
Title সংস্কৃত সাহিত্যের ইতিহাস /
Statement of responsibility, etc. সুপর্ণা বসু মিশ্র
260 ## - PUBLICATION, DISTRIBUTION, ETC. (IMPRINT)
Place of publication, distribution, etc. কলকাতা :
Name of publisher, distributor, etc. করুণা প্রকাশনী,
Date of publication, distribution, etc. ২০১৩
300 ## - PHYSICAL DESCRIPTION
Pagination ৩২০ প.;
Size ২২ সেমি.
650 ## - SUBJECT ADDED ENTRY--TOPICAL TERM
Topical term or geographic name as entry element সংস্কৃত সাহিত্য
Form subdivision ইতিহাস ও সমালোচনা
9 (RLIN) 12091
Topical term or geographic name as entry element Sanskrit Literature
Form subdivision History and Criticism
9 (RLIN) 12092
942 ## - ADDED ENTRY ELEMENTS (KOHA)
Source of classification or shelving scheme Dewey Decimal Classification
Koha item type Books
Holdings
Lost status Source of classification or shelving scheme Damaged status Not for loan Collection code Permanent Location Current Location Shelving location Date acquired Source of acquisition Cost, normal purchase price Total Checkouts Full call number Date last seen Copy number Koha item type Checked out Date checked out
  Dewey Decimal Classification   Not For Loan Non-fiction Central Library, University of Rajshahi Central Library, University of Rajshahi Reading Room 28/02/2024 Dhaka : Book Finder 434.00   B 891.209 MIS 2013 05/03/2024 C-1 Books    
  Dewey Decimal Classification     Non-fiction Central Library, University of Rajshahi Central Library, University of Rajshahi General Stacks 28/02/2024 Dhaka : Book Finder 434.00 5 B 891.209 MIS 2013 07/05/2026 C-2 Books 08/06/2026 07/05/2026
  Dewey Decimal Classification     Non-fiction Central Library, University of Rajshahi Central Library, University of Rajshahi General Stacks 28/02/2024 Dhaka : Book Finder 434.00 8 B 891.209 MIS 2013 07/05/2026 C-3 Books 08/06/2026 07/05/2026